[Event "Lovfalds 12th E"]
[Site "Ringsted"]
[Date "1998.09.18"]
[Round "1"]
[White "Sparre, Otto"]
[Black "Kristensen, Leif Sogaard"]
[Result "1-0"]
[WhiteElo "1473"]
[BlackElo "1424"]
[PlyCount "89"]
[EventDate "1998.09.18"]
[EventType "tourn"]
[EventRounds "5"]
[EventCountry "DEN"]
[SourceTitle "EXT 2023"]
[Source "ChessBase"]
[SourceDate "2022.10.05"]
[SourceVersion "1"]
[SourceVersionDate "2022.10.05"]
[SourceQuality "1"]

1. e4 c5 2. Nf3 d6 3. Ng5 Nf6 4. Bc4 e6 5. 0-0 h6 6. Nxf7 Kxf7 7. f4 Nxe4 8. f5 Nf6 9. fxe6+ Bxe6 10. Bxe6+ Kxe6 11. Nc3 Nbd7 12. d4 cxd4 13. Nd5 Kxd5 14. Be3 Ke6 15. Bxd4 Kf7 16. Bxf6 Nxf6 17. Qd5+ Ke8 18. Qb5+ Qd7 19. Qd3 Be7 20. c4 Qc6 21. Rae1 Qb6+ 22. Kh1 Kd8 23. Qg6 Qc7 24. Qxg7 Rg8 25. Qxh6 Qc6 26. Rf3 Ng4 27. Qe6 Qe8 28. c5 Rg6 29. Qd5 Qc6 30. Qh5 Rg8 31. Qh7 Qe8 32. h3 d5 33. Rf7 Rh8 34. Qf5 Nh6 35. Qxd5+ Kc8 36. Rfxe7 Qc6 37. Qe5 Rd8 38. b4 b6 39. b5 Qxc5 40. Qe6+ Kb8 41. Re8 Rxe8 42. Qxe8+ Qc8 43. Qe5+ Qc7 44. Qd5 a5 45. Re8+ 1-0

[Event "Lovsprings op 09th D"]
[Site "Ringsted"]
[Date "1997.04.18"]
[Round "5"]
[White "Nielsen, Bjarne"]
[Black "Sparre, Otto"]
[Result "0-1"]
[WhiteElo "1502"]
[BlackElo "1396"]
[PlyCount "96"]
[EventDate "1997.03.14"]
[EventType "swiss"]
[EventRounds "7"]
[EventCountry "DEN"]
[SourceTitle "EXT 2023"]
[Source "ChessBase"]
[SourceDate "2022.10.05"]
[SourceVersion "1"]
[SourceVersionDate "2022.10.05"]
[SourceQuality "1"]

1. d4 d5 2. c4 e6 3. Nc3 Nc6 4. cxd5 exd5 5. Nf3 Bb4 6. a3 Ba5 7. Bg5 Nf6 8. e3 h6 9. Bh4 g5 10. Bg3 Ne4 11. Rc1 Nxg3 12. hxg3 g4 13. Nh4 a6 14. b4 Bb6 15. Bd3 Ne7 16. Ne2 Qd6 17. Nf4 a5 18. Qa4+ Bd7 19. b5 0-0-0 20. 0-0 Rhg8 21. Qb3 Kb8 22. Rc3 Rg5 23. Rfc1 h5 24. Qb1 Qf6 25. Qc2 Ka7 26. Rxc7 Bxc7 27. Qxc7 Qb6 28. Qc5 Rc8 29. Qxe7 Rxc1+ 30. Kh2 Bxb5 31. Qxg5 Bxd3 32. Qxd5 Bc4 33. Qxh5 Ka6 34. Qh8 Be6 35. Nd3 Rc8 36. Qe5 Ka7 37. Nc5 Qb5 38. Qd6 Rc6 39. Qe7 Bd5 40. Qf8 Rc7 41. Nf5 Qc6 42. Ne7 Rxe7 43. Qxe7 Bxg2 44. e4 Bf3 45. Qg5 Qe8 46. Nb3 a4 47. Nd2 Qh8+ 48. Qh4 Qxh4+ 0-1

[Event "Lovfalds 10th C"]
[Site "Ringsted"]
[Date "1996.09.22"]
[Round "4"]
[White "Hovmoller, Kristian"]
[Black "Sparre, Otto"]
[Result "1-0"]
[WhiteElo "1393"]
[BlackElo "1486"]
[PlyCount "63"]
[EventDate "1996.09.20"]
[EventType "tourn"]
[EventRounds "5"]
[EventCountry "DEN"]
[SourceTitle "EXT 2023"]
[Source "ChessBase"]
[SourceDate "2022.10.05"]
[SourceVersion "1"]
[SourceVersionDate "2022.10.05"]
[SourceQuality "1"]

1. d4 d5 2. c4 e6 3. Nc3 Bb4 4. e3 Nf6 5. Nf3 0-0 6. Bd2 Nbd7 7. a3 Be7 8. Qc2 c6 9. Bd3 Kh8 10. Rc1 Bd6 11. e4 g6 12. e5 Bxe5 13. dxe5 Ng4 14. Bf4 f6 15. exf6 Qxf6 16. Bg3 e5 17. cxd5 Qe7 18. 0-0 c5 19. Rce1 Kg8 20. h3 Nh6 21. Nxe5 Nxe5 22. Rxe5 Qf7 23. Ne4 Bf5 24. Nd6 Qd7 25. Nxf5 gxf5 26. Bf4 Nf7 27. Rxf5 c4 28. Be4 h6 29. Rh5 Rfe8 30. Bxh6 Nxh6 31. Rxh6 Qg7 32. Rg6 1-0